[Event "Tatarstan-ch op"]
[Site "Kazan"]
[Date "2008.08.29"]
[Round "9"]
[White "Askarov, Marat"]
[Black "Kharlov, Andrei"]
[Result "1-0"]
[WhiteElo "2522"]
[BlackElo "2501"]
[PlyCount "111"]
[EventDate "2008.08.21"]
[EventType "swiss"]
[EventRounds "9"]
[EventCountry "RUS"]
[SourceTitle "EXT 2010"]
[Source "ChessBase"]
[SourceDate "2009.11.30"]
[SourceVersion "1"]
[SourceVersionDate "2009.11.30"]
[SourceQuality "1"]

1. c4 e5 2. g3 Nf6 3. Bg2 d5 4. cxd5 Nxd5 5. Nc3 Nb6 6. Nf3 Nc6 7. a3 a5 8. O-O
Be7 9. d3 O-O 10. Bd2 Be6 11. Rc1 a4 12. Nb5 Bb3 13. Qe1 Re8 14. Be3 Nd5 15.
Bd2 Bf6 16. e4 Nde7 17. Bc3 Nc8 18. Nd2 Be6 19. f4 Nd6 20. Nxd6 Qxd6 21. f5 Ba2
22. Ra1 Bb3 23. Nxb3 axb3 24. Qe3 Nd4 25. Rad1 Nc2 26. Qe2 Rxa3 27. bxa3 Qc5+
28. d4 Qxc3 29. d5 Nd4 30. Qd3 Qc5 31. Kh1 Qxa3 32. Rb1 c5 33. Qc3 Qa7 34. Ra1
Qb6 35. Rfb1 Qd6 36. Rxb3 Nxb3 37. Qxb3 Rb8 38. Bf1 Bd8 39. Qb5 Bc7 40. Rc1 Bb6
41. Rb1 Bc7 42. Qa4 g6 43. g4 Qe7 44. Qa7 Bd6 45. Rb6 gxf5 46. gxf5 c4 47. Qa2
Kh8 48. Qxc4 Rg8 49. Bg2 Qg5 50. Qf1 Rc8 51. Rb1 Rc2 52. f6 h5 53. Ra1 Bc5 54.
Bh3 Rf2 55. Ra8+ Kh7 56. Qxf2 1-0

[Event "Zvenigorod op-A"]
[Site "Zvenigorod"]
[Date "2008.09.25"]
[Round "1"]
[White "Leontiev, Aleksandr"]
[Black "Kharlov, Andrei"]
[Result "0-1"]
[WhiteElo "2312"]
[BlackElo "2501"]
[PlyCount "74"]
[EventDate "2008.09.25"]
[EventType "swiss"]
[EventRounds "9"]
[EventCountry "RUS"]
[SourceTitle "EXT 2009"]
[Source "ChessBase"]
[SourceDate "2008.11.26"]
[SourceVersion "1"]
[SourceVersionDate "2008.11.26"]
[SourceQuality "1"]

1. c4 e6 2. Nf3 d5 3. g3 dxc4 4. Qa4+ Nd7 5. Bg2 a6 6. Qxc4 b5 7. Qc2 Bb7 8.
O-O Ngf6 9. b3 c5 10. Bb2 Be7 11. d3 O-O 12. Nbd2 Qb6 13. Rac1 Rac8 14. Qb1
Rfd8 15. Qa1 Bf8 16. Rfd1 Nd5 17. a3 Qa7 18. d4 N5f6 19. Ne1 Bxg2 20. Kxg2 Qb7+
21. Kg1 Ne4 22. Nd3 Nxd2 23. Rxd2 c4 24. bxc4 bxc4 25. Nf4 Nc5 26. dxc5 Rxd2
27. Bc3 Rd7 28. Bd4 e5 29. Bxe5 Rxc5 30. Bd4 Ra5 31. Rxc4 Rxa3 32. Qd1 Rb3 33.
Rc1 Ba3 34. Ra1 Bb2 35. Rxa6 Qxa6 36. Qxb3 Qa1+ 37. Kg2 Qa8+ 0-1

[Event "Zvenigorod op-A"]
[Site "Zvenigorod"]
[Date "2008.09.26"]
[Round "2"]
[White "Kharlov, Andrei"]
[Black "Deviatkin, Andrei"]
[Result "1/2-1/2"]
[WhiteElo "2501"]
[BlackElo "2567"]
[PlyCount "77"]
[EventDate "2008.09.25"]
[EventType "swiss"]
[EventRounds "9"]
[EventCountry "RUS"]
[SourceTitle "EXT 2009"]
[Source "ChessBase"]
[SourceDate "2008.11.26"]
[SourceVersion "1"]
[SourceVersionDate "2008.11.26"]
[SourceQuality "1"]

1. e4 c6 2. d4 d5 3. exd5 cxd5 4. c4 Nf6 5. Nc3 e6 6. Nf3 Bb4 7. cxd5 Nxd5 8.
Bd2 Nc6 9. Bd3 O-O 10. O-O Nf6 11. Bg5 h6 12. Be3 Ne7 13. a3 Bd6 14. Ne5 Nf5
15. Qf3 Nxe3 16. fxe3 Rb8 17. Rad1 Bd7 18. Nxd7 Qxd7 19. Rf2 b5 20. Qh3 Be7 21.
d5 b4 22. dxe6 Qxe6 23. Bf5 Qe5 24. axb4 Rxb4 25. Rdd2 Bc5 26. Rfe2 Re8 27. Nd1
g6 28. Bb1 Kg7 29. Qf3 Re7 30. g3 h5 31. Kg2 Rb3 32. Ba2 Rb8 33. Rd3 Rb6 34.
Nc3 Rd6 35. Nd5 Nxd5 36. Rxd5 Rxd5 37. Qxd5 Qxd5+ 38. Bxd5 f5 39. e4 1/2-1/2

[Event "Zvenigorod op-A"]
[Site "Zvenigorod"]
[Date "2008.09.26"]
[Round "3"]
[White "Kharlov, Andrei"]
[Black "Kuzubov, Yuriy"]
[Result "1/2-1/2"]
[WhiteElo "2501"]
[BlackElo "2578"]
[PlyCount "108"]
[EventDate "2008.09.25"]
[EventType "swiss"]
[EventRounds "9"]
[EventCountry "RUS"]
[SourceTitle "EXT 2009"]
[Source "ChessBase"]
[SourceDate "2008.11.26"]
[SourceVersion "1"]
[SourceVersionDate "2008.11.26"]
[SourceQuality "1"]

1. e4 c5 2. Nc3 d6 3. f4 Nc6 4. Nf3 g6 5. Bb5 Bg7 6. Bxc6+ bxc6 7. O-O Nf6 8.
d3 O-O 9. Qe1 Rb8 10. b3 Bg4 11. Nh4 Bd7 12. Bb2 Nh5 13. Nd1 Bd4+ 14. Kh1 Bg4
15. Bxd4 cxd4 16. Nb2 e5 17. f5 gxf5 18. Nxf5 Bxf5 19. Rxf5 Ng7 20. Qg3 Kh8 21.
Rg5 Rg8 22. Rf1 f6 23. Rg4 Qe7 24. Qh4 Rbf8 25. Nc4 Ne8 26. Nd2 d5 27. Nf3 Qe6
28. Rxg8+ Rxg8 29. h3 Nd6 30. Nd2 f5 31. exd5 cxd5 32. Nf3 f4 33. Nxd4 Qg6 34.
Rf2 exd4 35. Qxf4 Nb5 36. a4 Nc3 37. Qxd4+ Qg7 38. Qf6 d4 39. Qf3 a5 40. g4 Re8
41. Qf4 Nd5 42. Qd6 Ne3 43. Qc6 Rf8 44. Kg1 Rxf2 45. Kxf2 Qf7+ 46. Kg3 Kg7 47.
Qc5 Qf6 48. Qxa5 Nf1+ 49. Kg2 Ne3+ 50. Kg3 Qd6+ 51. Kf3 Qc6+ 52. Kg3 Qd6+ 53.
Kf3 Qc6+ 54. Kg3 Qd6+ 1/2-1/2

[Event "Zvenigorod op-A"]
[Site "Zvenigorod"]
[Date "2008.09.27"]
[Round "5"]
[White "Kharlov, Andrei"]
[Black "Lysyj, Igor"]
[Result "1-0"]
[WhiteElo "2501"]
[BlackElo "2596"]
[PlyCount "111"]
[EventDate "2008.09.25"]
[EventType "swiss"]
[EventRounds "9"]
[EventCountry "RUS"]
[SourceTitle "EXT 2009"]
[Source "ChessBase"]
[SourceDate "2008.11.26"]
[SourceVersion "1"]
[SourceVersionDate "2008.11.26"]
[SourceQuality "1"]

1. Nf3 Nf6 2. c4 e6 3. Nc3 d5 4. e3 c5 5. d4 a6 6. cxd5 exd5 7. Be2 Nc6 8. O-O
Bd6 9. dxc5 Bxc5 10. b3 O-O 11. Bb2 Ba7 12. Na4 Ne4 13. Rc1 Qd6 14. Nc3 Nf6 15.
Rc2 Be6 16. Rd2 Qe7 17. Ng5 h6 18. Nxe6 fxe6 19. Qc1 Bc5 20. a3 Rac8 21. Rc2
Bd6 22. b4 Rc7 23. Na4 a5 24. bxa5 Nxa5 25. Rxc7 Bxc7 26. Qc5 Qd8 27. Bxf6 Rxf6
28. g3 Bd6 29. Qc3 Nc6 30. Nc5 Qe7 31. Rc1 Bxc5 32. Qxc5 Qxc5 33. Rxc5 Rf8 34.
Ba6 bxa6 35. Rxc6 Kf7 36. Rxa6 Rb8 37. h4 h5 38. Kg2 Rb2 39. Ra7+ Kf6 40. a4
Ra2 41. a5 g6 42. a6 e5 43. Ra8 d4 44. Kf3 dxe3 45. Kxe3 Kf5 46. f3 Ra3+ 47.
Kd2 Kf6 48. Kc2 Kg7 49. Kb2 Ra5 50. Kb3 Ra1 51. Kb4 Ra2 52. Kc5 Ra3 53. Kd5 Kf6
54. Kc6 Kg7 55. Kb5 Rxf3 56. Re8 1-0

[Event "Zvenigorod op-A"]
[Site "Zvenigorod"]
[Date "2008.09.29"]
[Round "8"]
[White "Frolyanov, Dmitry"]
[Black "Kharlov, Andrei"]
[Result "1-0"]
[WhiteElo "2567"]
[BlackElo "2501"]
[PlyCount "93"]
[EventDate "2008.09.25"]
[EventType "swiss"]
[EventRounds "9"]
[EventCountry "RUS"]
[SourceTitle "EXT 2009"]
[Source "ChessBase"]
[SourceDate "2008.11.26"]
[SourceVersion "1"]
[SourceVersionDate "2008.11.26"]
[SourceQuality "1"]

1. e4 e5 2. Nf3 Nc6 3. Bb5 Nf6 4. d3 d6 5. c3 a6 6. Ba4 Be7 7. Nbd2 O-O 8. Nf1
b5 9. Bb3 Na5 10. Bc2 c5 11. Ng3 Re8 12. O-O Nc6 13. d4 cxd4 14. cxd4 Bg4 15.
Be3 d5 16. exd5 Nxd4 17. Bxd4 exd4 18. Bb3 Nxd5 19. h3 Be6 20. Nxd4 Bf6 21.
Nxe6 fxe6 22. Qe2 Nf4 23. Qg4 Qb8 24. Rad1 Ra7 25. Ne4 Bxb2 26. g3 Nd5 27. Ng5
Kh8 28. Nxe6 Nf6 29. Qh4 Ng8 30. Qh5 g6 31. Qc5 Bf6 32. Nf4 Rc8 33. Qe3 Re7 34.
Qf3 Rf8 35. Ne6 Rc8 36. h4 Rc3 37. Qg4 Nh6 38. Qf4 Qxf4 39. Rd8+ Ng8 40. Nxf4
Rg7 41. Ra8 Rcc7 42. Re1 Ra7 43. Rxa7 Rxa7 44. Re8 Rg7 45. h5 Bg5 46. Ne6 Re7
47. Ra8 1-0

[Event "Zvenigorod op-A"]
[Site "Zvenigorod"]
[Date "2008.09.30"]
[Round "9"]
[White "Kharlov, Andrei"]
[Black "Turutin, Alexander"]
[Result "1/2-1/2"]
[WhiteElo "2501"]
[BlackElo "2321"]
[PlyCount "73"]
[EventDate "2008.09.25"]
[EventType "swiss"]
[EventRounds "9"]
[EventCountry "RUS"]
[SourceTitle "EXT 2009"]
[Source "ChessBase"]
[SourceDate "2008.11.26"]
[SourceVersion "1"]
[SourceVersionDate "2008.11.26"]
[SourceQuality "1"]

1. e4 e6 2. d4 d5 3. Nd2 Nf6 4. e5 Nfd7 5. c3 c5 6. Bd3 Nc6 7. Ngf3 g6 8. O-O
Bg7 9. Re1 O-O 10. Nf1 cxd4 11. cxd4 Qb6 12. Bc2 f6 13. exf6 Nxf6 14. Rb1 Bd7
15. Ba4 Rad8 16. Bxc6 bxc6 17. Ng3 Ne4 18. Be3 Nd6 19. Ne5 Nf7 20. Nxf7 Rxf7
21. Qd2 Qa6 22. b3 e5 23. dxe5 Bxe5 24. Bc5 Bg7 25. h3 Bc8 26. Re2 Qb5 27. b4
Bf8 28. Qg5 Rfd7 29. Rbe1 Bxc5 30. bxc5 Rf8 31. Nh5 Rdf7 32. Re7 Qxc5 33. Rxf7
Rxf7 34. Re8+ Rf8 35. Qf6 gxh5 36. Qg5+ Kh8 37. Qf6+ 1/2-1/2

[Event "RUS Cup final"]
[Site "Serpukhov"]
[Date "2008.11.05"]
[Round "1.1"]
[White "Khairullin, Ildar"]
[Black "Kharlov, Andrei"]
[Result "0-1"]
[WhiteElo "2575"]
[BlackElo "2505"]
[PlyCount "150"]
[EventDate "2008.11.05"]
[EventType "k.o."]
[EventRounds "6"]
[EventCountry "RUS"]
[SourceTitle "EXT 2009"]
[Source "ChessBase"]
[SourceDate "2008.11.26"]
[SourceVersion "1"]
[SourceVersionDate "2008.11.26"]
[SourceQuality "1"]

1. e4 e5 2. Nf3 Nc6 3. Bb5 Nf6 4. d3 Bc5 5. O-O d6 6. c3 O-O 7. Re1 Bb6 8. h3
Ne7 9. d4 Ng6 10. Nbd2 c6 11. Bd3 Re8 12. Nf1 h6 13. Ng3 Be6 14. Be3 Qc7 15.
Qd2 Rad8 16. Nf5 Bxf5 17. exf5 Nf8 18. Bxh6 N8h7 19. Bg5 e4 20. Bxe4 Rxe4 21.
Rxe4 Nxe4 22. Bxd8 Nxd2 23. Bxc7 Nxf3+ 24. gxf3 Bxc7 25. Kf1 Ng5 26. Re1 Kf8
27. Ke2 Nxh3 28. Rh1 Nf4+ 29. Kd2 Ke7 30. Re1+ Kf8 31. Rh1 Bd8 32. Rh8+ Ke7 33.
Rg8 Nh5 34. Ke3 d5 35. f4 a5 36. a4 Nf6 37. Rxg7 Ne8 38. Rg8 Nd6 39. f6+ Kd7
40. Kd3 Bxf6 41. b3 Bd8 42. c4 Ne8 43. Rf8 Ke7 44. Rh8 Bc7 45. f5 Bd8 46. f3
Bc7 47. Rg8 b6 48. Rg2 Kd7 49. Rg8 Bd6 50. Rh8 Bf4 51. Rf8 Ke7 52. Rg8 Bh6 53.
Rg2 Kd7 54. Rh2 Bg7 55. Rh7 Ke7 56. Rh5 Bf6 57. Rh1 Nd6 58. Rc1 Kd7 59. c5 bxc5
60. Rxc5 Bd8 61. f6 Nb7 62. Rc1 Bxf6 63. Rb1 Be7 64. Kc3 Bb4+ 65. Kd3 c5 66.
Rh1 Nd6 67. Rh5 Ke6 68. Rg5 c4+ 69. bxc4 dxc4+ 70. Kc2 f5 71. Rh5 Kd5 72. Rh4
Be1 73. Rh6 Bf2 74. Rh8 Kxd4 75. Kd2 Kc5 0-1

[Event "RUS Cup final"]
[Site "Serpukhov"]
[Date "2008.11.06"]
[Round "1.2"]
[White "Kharlov, Andrei"]
[Black "Khairullin, Ildar"]
[Result "0-1"]
[WhiteElo "2505"]
[BlackElo "2575"]
[PlyCount "104"]
[EventDate "2008.11.05"]
[EventType "k.o."]
[EventRounds "6"]
[EventCountry "RUS"]
[SourceTitle "EXT 2009"]
[Source "ChessBase"]
[SourceDate "2008.11.26"]
[SourceVersion "1"]
[SourceVersionDate "2008.11.26"]
[SourceQuality "1"]

1. e4 c5 2. Nf3 d6 3. c3 Nf6 4. Bd3 Nc6 5. Bc2 Bg4 6. d3 e6 7. Nbd2 Be7 8. h3
Bh5 9. Nf1 d5 10. Ng3 Bg6 11. O-O Qc7 12. Re1 O-O-O 13. e5 Nd7 14. d4 Bxc2 15.
Qxc2 h6 16. Be3 cxd4 17. cxd4 Kb8 18. a3 Na5 19. Qd1 Rc8 20. b4 Nc4 21. Bc1 Qc6
22. Nh5 g6 23. Nf4 Ncb6 24. Nd3 Qc2 25. Nc5 Qxd1 26. Rxd1 Kc7 27. Nh2 Nxc5 28.
bxc5 Nc4 29. Rd3 Kc6 30. Rf3 Rcf8 31. Ra2 f5 32. exf6 Bxf6 33. Re2 Bxd4 34.
Rxe6+ Kxc5 35. Rxg6 Ne5 36. Rxh6 Nxf3+ 37. Nxf3 Rxh6 38. Bxh6 Re8 39. h4 Bc3
40. g4 b5 41. h5 a5 42. Bc1 b4 43. axb4+ axb4 44. h6 b3 45. g5 b2 46. Bxb2 Bxb2
47. g6 d4 48. Kh2 d3 49. Kg3 Kd5 50. Kg4 Ke6 51. Kh5 Kf6 52. g7 Bc1 0-1

[Event "RUS Cup final"]
[Site "Serpukhov"]
[Date "2008.11.06"]
[Round "1.3"]
[White "Kharlov, Andrei"]
[Black "Khairullin, Ildar"]
[Result "0-1"]
[WhiteElo "2505"]
[BlackElo "2575"]
[PlyCount "68"]
[EventDate "2008.11.05"]
[EventType "k.o."]
[EventRounds "6"]
[EventCountry "RUS"]
[SourceTitle "EXT 2009"]
[Source "ChessBase"]
[SourceDate "2008.11.26"]
[SourceVersion "1"]
[SourceVersionDate "2008.11.26"]
[SourceQuality "1"]

1. e4 c5 2. f4 d6 3. Nf3 g6 4. Bb5+ Bd7 5. Bxd7+ Qxd7 6. O-O Bg7 7. d3 Nc6 8.
Nc3 e6 9. f5 exf5 10. exf5 Nge7 11. Nh4 Bf6 12. fxg6 Bd4+ 13. Kh1 hxg6 14. Nf3
Bg7 15. Bf4 d5 16. Qe1 O-O 17. Qh4 f6 18. Qf2 b6 19. Rae1 Rae8 20. h3 Nf5 21.
g4 Nfd4 22. Nxd4 Nxd4 23. Qg2 Rxe1 24. Rxe1 Rd8 25. Bh2 f5 26. Rf1 Qe6 27. gxf5
Nxf5 28. Rg1 Kh7 29. Bf4 Rd7 30. Nd1 Rf7 31. Nf2 Nd4 32. Bc1 Ne2 33. Rd1 Rxf2
34. Qxf2 Qxh3+ 0-1

[Event "RUS Cup final"]
[Site "Serpukhov"]
[Date "2008.11.06"]
[Round "1.4"]
[White "Khairullin, Ildar"]
[Black "Kharlov, Andrei"]
[Result "1-0"]
[WhiteElo "2575"]
[BlackElo "2505"]
[PlyCount "107"]
[EventDate "2008.11.05"]
[EventType "k.o."]
[EventRounds "6"]
[EventCountry "RUS"]
[SourceTitle "EXT 2009"]
[Source "ChessBase"]
[SourceDate "2008.11.26"]
[SourceVersion "1"]
[SourceVersionDate "2008.11.26"]
[SourceQuality "1"]

1. e4 e6 2. d4 d5 3. exd5 exd5 4. Bd3 Nc6 5. c3 Bd6 6. Ne2 Nge7 7. Bf4 Ng6 8.
Bxd6 Qxd6 9. O-O O-O 10. Nd2 Re8 11. h3 Nh4 12. Re1 Qh6 13. Nf4 Bf5 14. Bxf5
Qxf4 15. Bd3 Qg5 16. Bf1 Rxe1 17. Qxe1 Kf8 18. Qe3 Qxe3 19. fxe3 Re8 20. Kf2
Nf5 21. Re1 Nd6 22. g4 Nd8 23. Bg2 c6 24. e4 dxe4 25. Nxe4 Nxe4+ 26. Rxe4 Ne6
27. Ke3 Rd8 28. Re5 Nc7 29. Kd3 a6 30. h4 h6 31. Bf3 Ne8 32. a4 Nd6 33. b4 f6
34. Re1 Kf7 35. c4 f5 36. c5 fxg4 37. Bxg4 Ne8 38. Bh5+ g6 39. Bf3 Nc7 40. Kc4
Kf6 41. Rf1 Kg7 42. Re1 Rd7 43. Re5 Kf6 44. Bg4 Rd8 45. h5 gxh5 46. Rxh5 Nd5
47. Bf3 Ne3+ 48. Kd3 Nf5 49. d5 cxd5 50. Bg4 Ng3 51. Rxh6+ Kg5 52. Rd6 Re8 53.
Bf3 Kf4 54. Bxd5 1-0

[Event "Privolzhskogo FO-ch"]
[Site "Kazan"]
[Date "2009.01.21"]
[Round "1"]
[White "Zainullina, Nataliya"]
[Black "Kharlov, Andrei"]
[Result "0-1"]
[WhiteElo "2173"]
[BlackElo "2511"]
[PlyCount "60"]
[EventDate "2009.01.21"]
[EventType "swiss"]
[EventRounds "9"]
[EventCountry "RUS"]
[SourceTitle "EXT 2010"]
[Source "ChessBase"]
[SourceDate "2009.11.30"]
[SourceVersion "1"]
[SourceVersionDate "2009.11.30"]
[SourceQuality "1"]

1. Nf3 d5 2. e3 e6 3. b3 Be7 4. Bb2 Bf6 5. Bxf6 Nxf6 6. Be2 O-O 7. O-O c5 8. d4
cxd4 9. exd4 b6 10. Ne5 Ba6 11. Bxa6 Nxa6 12. Qd3 Nb4 13. Qd2 Qd6 14. c3 Nc6
15. Qe3 Rac8 16. Nd2 Rc7 17. Rac1 Rfc8 18. Nxc6 Rxc6 19. Rc2 Ng4 20. Qh3 Qf4
21. Qh4 g5 22. Qh5 Rxc3 23. Rxc3 Rxc3 24. Nf3 h6 25. h3 Rxf3 26. hxg4 Rd3 27.
Qxh6 Rxd4 28. g3 Qxg4 29. Rc1 Rd1+ 30. Rxd1 Qxd1+ 0-1

[Event "Privolzhskogo FO-ch"]
[Site "Kazan"]
[Date "2009.01.22"]
[Round "2"]
[White "Kharlov, Andrei"]
[Black "Tokarev, Ilya"]
[Result "1-0"]
[WhiteElo "2511"]
[BlackElo "2262"]
[PlyCount "55"]
[EventDate "2009.01.21"]
[EventType "swiss"]
[EventRounds "9"]
[EventCountry "RUS"]
[SourceTitle "EXT 2010"]
[Source "ChessBase"]
[SourceDate "2009.11.30"]
[SourceVersion "1"]
[SourceVersionDate "2009.11.30"]
[SourceQuality "1"]

1. e4 e6 2. d4 d5 3. Nd2 c5 4. exd5 Qxd5 5. Ngf3 cxd4 6. Bc4 Qd6 7. O-O Nc6 8.
Ne4 Qd8 9. Qe2 Nf6 10. Rd1 Be7 11. c3 O-O 12. Nxd4 Nxd4 13. Rxd4 Qc7 14. Nxf6+
Bxf6 15. Bf4 e5 16. Bg3 Bf5 17. Bb3 Rfe8 18. Qf3 Bg6 19. Rad1 Re7 20. Rd6 h5
21. Rxf6 gxf6 22. Qxf6 Kh7 23. h3 a5 24. Rd6 a4 25. Bxf7 Bxf7 26. Bxe5 Rxe5 27.
Qxe5 Bg6 28. Qe6 1-0

[Event "Privolzhskogo FO-ch"]
[Site "Kazan"]
[Date "2009.01.23"]
[Round "3"]
[White "Filipenko, Alexander"]
[Black "Kharlov, Andrei"]
[Result "1/2-1/2"]
[WhiteElo "2360"]
[BlackElo "2511"]
[PlyCount "48"]
[EventDate "2009.01.21"]
[EventType "swiss"]
[EventRounds "9"]
[EventCountry "RUS"]
[SourceTitle "EXT 2010"]
[Source "ChessBase"]
[SourceDate "2009.11.30"]
[SourceVersion "1"]
[SourceVersionDate "2009.11.30"]
[SourceQuality "1"]

1. e4 e5 2. Nf3 Nc6 3. Nc3 Nf6 4. Bb5 Bd6 5. d3 a6 6. Ba4 O-O 7. a3 Re8 8. Bb3
Nd4 9. Nxd4 exd4 10. Ne2 c5 11. O-O h6 12. f4 Bc7 13. e5 Nh7 14. Ng3 d6 15. Qf3
Ra7 16. Nh5 Qh4 17. exd6 Bxd6 18. Qd5 Qe7 19. f5 Nf6 20. Qf3 b6 21. Bd2 Nxh5
22. Qxh5 Qe2 23. Qxe2 Rxe2 24. Rae1 Rxe1 1/2-1/2

[Event "Privolzhskogo FO-ch"]
[Site "Kazan"]
[Date "2009.01.24"]
[Round "4"]
[White "Kharlov, Andrei"]
[Black "Lyanguzov, Oleg"]
[Result "0-1"]
[WhiteElo "2511"]
[BlackElo "2311"]
[PlyCount "40"]
[EventDate "2009.01.21"]
[EventType "swiss"]
[EventRounds "9"]
[EventCountry "RUS"]
[SourceTitle "EXT 2010"]
[Source "ChessBase"]
[SourceDate "2009.11.30"]
[SourceVersion "1"]
[SourceVersionDate "2009.11.30"]
[SourceQuality "1"]

1. e4 c5 2. Nf3 d6 3. Bc4 Nf6 4. e5 dxe5 5. Nxe5 e6 6. Qe2 Be7 7. O-O O-O 8.
Rd1 Qc7 9. d4 Nc6 10. Nxc6 Qxc6 11. Nc3 cxd4 12. Rxd4 a6 13. Bf4 b5 14. Bd5
Nxd5 15. Nxd5 Bc5 16. Nf6+ Kh8 17. Qh5 gxf6 18. Qh6 Be7 19. Be5 fxe5 20. Rh4
Qxc2 0-1

[Event "Privolzhskogo FO-ch"]
[Site "Kazan"]
[Date "2009.01.25"]
[Round "5"]
[White "Ostanin, Vadim"]
[Black "Kharlov, Andrei"]
[Result "0-1"]
[WhiteElo "2224"]
[BlackElo "2511"]
[PlyCount "86"]
[EventDate "2009.01.21"]
[EventType "swiss"]
[EventRounds "9"]
[EventCountry "RUS"]
[SourceTitle "EXT 2010"]
[Source "ChessBase"]
[SourceDate "2009.11.30"]
[SourceVersion "1"]
[SourceVersionDate "2009.11.30"]
[SourceQuality "1"]

1. e4 c6 2. d4 d5 3. e5 c5 4. dxc5 Nc6 5. Bb5 Bf5 6. Nf3 a6 7. Bxc6+ bxc6 8.
Nd4 e6 9. Nxf5 exf5 10. Qd4 Ne7 11. O-O Ng6 12. Nd2 Be7 13. Nf3 O-O 14. Bd2 Re8
15. Qd3 Bxc5 16. Qxf5 h6 17. Bc3 Re6 18. Rad1 a5 19. b3 Qb6 20. h4 Rae8 21. h5
Nf8 22. Rde1 Bb4 23. Re3 Bxc3 24. Rxc3 Nd7 25. Re3 R8e7 26. Rd1 Qc7 27. Rde1 c5
28. g3 d4 29. Re4 Nb6 30. a4 Nd5 31. Kh2 Qb8 32. Kg2 Qb4 33. Rg4 Qc3 34. Re2
Qb4 35. Ree4 Qb7 36. Kh2 Nc3 37. Rxg7+ Kxg7 38. Rg4+ Kf8 39. Qh7 Ke8 40. Qg8+
Kd7 41. Nxd4 Rxe5 42. Rf4 Rxh5+ 43. Rh4 Rxh4+ 0-1

[Event "Privolzhskogo FO-ch"]
[Site "Kazan"]
[Date "2009.01.26"]
[Round "6"]
[White "Kharlov, Andrei"]
[Black "Svetlov, Dmitry"]
[Result "1-0"]
[WhiteElo "2511"]
[BlackElo "2328"]
[PlyCount "75"]
[EventDate "2009.01.21"]
[EventType "swiss"]
[EventRounds "9"]
[EventCountry "RUS"]
[SourceTitle "EXT 2010"]
[Source "ChessBase"]
[SourceDate "2009.11.30"]
[SourceVersion "1"]
[SourceVersionDate "2009.11.30"]
[SourceQuality "1"]

1. e4 c6 2. d4 d5 3. exd5 cxd5 4. c4 Nf6 5. Nc3 e6 6. Nf3 Be7 7. cxd5 Nxd5 8.
Bd3 O-O 9. O-O Nc6 10. Re1 Bf6 11. Be4 Nce7 12. Ne5 Nc6 13. Qd3 h6 14. a3 Nxc3
15. Nxc6 bxc6 16. bxc3 Qc7 17. Qf3 e5 18. dxe5 Bxe5 19. Bxc6 Bg4 20. Qxg4 Qxc6
21. Bxh6 Bxc3 22. Rec1 Qf6 23. Bg5 Qe5 24. Rab1 Rab8 25. Rxb8 Rxb8 26. Be3 Qa5
27. a4 Rd8 28. g3 a6 29. h4 Bf6 30. Kh2 Rd5 31. Rc6 Qe1 32. Rc8+ Bd8 33. Rc1
Qa5 34. Bd4 g6 35. Qe4 Kh7 36. Rc6 Rf5 37. Qe8 f6 38. Rd6 1-0

[Event "Privolzhskogo FO-ch"]
[Site "Kazan"]
[Date "2009.01.27"]
[Round "7"]
[White "Ponfilenok, Vladimir"]
[Black "Kharlov, Andrei"]
[Result "1/2-1/2"]
[WhiteElo "2440"]
[BlackElo "2511"]
[PlyCount "68"]
[EventDate "2009.01.21"]
[EventType "swiss"]
[EventRounds "9"]
[EventCountry "RUS"]
[SourceTitle "EXT 2010"]
[Source "ChessBase"]
[SourceDate "2009.11.30"]
[SourceVersion "1"]
[SourceVersionDate "2009.11.30"]
[SourceQuality "1"]

1. d4 g6 2. Nf3 Bg7 3. g3 d5 4. Bg2 c6 5. O-O Nf6 6. c4 dxc4 7. a4 O-O 8. Na3
Na6 9. Nxc4 Be6 10. b3 Rc8 11. Bb2 c5 12. Rc1 Bd5 13. e3 cxd4 14. Bxd4 Nc5 15.
Nfd2 b6 16. Qe2 Bxg2 17. Kxg2 Qd5+ 18. Qf3 Qe6 19. Bxc5 Rxc5 20. Qb7 Rh5 21. h4
g5 22. Nf3 gxh4 23. Nxh4 Rxh4 24. gxh4 Qg4+ 25. Kh1 Qxh4+ 26. Kg1 Ne4 27. f4 f5
28. Rc2 Rf6 29. Rg2 Rg6 30. Qc8+ Bf8 31. Qe6+ Kg7 32. Qe5+ Kg8 33. Qe6+ Kg7 34.
Qe5+ Kg8 1/2-1/2

[Event "Privolzhskogo FO-ch"]
[Site "Kazan"]
[Date "2009.01.28"]
[Round "8"]
[White "Kharlov, Andrei"]
[Black "Aldokhin, Ivan"]
[Result "1/2-1/2"]
[WhiteElo "2511"]
[BlackElo "2251"]
[PlyCount "98"]
[EventDate "2009.01.21"]
[EventType "swiss"]
[EventRounds "9"]
[EventCountry "RUS"]
[SourceTitle "EXT 2010"]
[Source "ChessBase"]
[SourceDate "2009.11.30"]
[SourceVersion "1"]
[SourceVersionDate "2009.11.30"]
[SourceQuality "1"]

1. e4 c5 2. Nf3 e6 3. c3 Nf6 4. e5 Nd5 5. d4 cxd4 6. cxd4 d6 7. Bc4 Nb6 8. Bb3
dxe5 9. Nxe5 Nc6 10. Nf3 Be7 11. O-O Bf6 12. Be3 O-O 13. Nc3 Ne7 14. Qd3 Nf5
15. Rad1 Bd7 16. Ne5 Nxe3 17. Qxe3 Bc6 18. Nxf7 Rxf7 19. Bxe6 Nd5 20. Qd3 Nxc3
21. bxc3 Bd5 22. Bxf7+ Bxf7 23. c4 Qa5 24. Qb3 Qc7 25. d5 b6 26. Rfe1 Qd6 27.
Qa4 h6 28. h3 Rc8 29. Re4 Rc7 30. Rde1 Kh7 31. Qb3 Qc5 32. Qg3 b5 33. cxb5 Bxd5
34. Rg4 Bf7 35. Qd3+ Kh8 36. a4 Bh5 37. Rf4 Bf7 38. Rf5 Qb4 39. Re4 Qb2 40. Re2
Qa1+ 41. Kh2 Bg6 42. Qd5 Bxf5 43. Re8+ Kh7 44. Qxf5+ g6 45. Qe6 h5 46. Qg8+ Kh6
47. Qf8+ Kh7 48. Qg8+ Kh6 49. Qf8+ Kh7 1/2-1/2

[Event "Privolzhskogo FO-ch"]
[Site "Kazan"]
[Date "2009.01.29"]
[Round "9"]
[White "Sharafiev, Azat"]
[Black "Kharlov, Andrei"]
[Result "1/2-1/2"]
[WhiteElo "2421"]
[BlackElo "2511"]
[PlyCount "23"]
[EventDate "2009.01.21"]
[EventType "swiss"]
[EventRounds "9"]
[EventCountry "RUS"]
[SourceTitle "EXT 2010"]
[Source "ChessBase"]
[SourceDate "2009.11.30"]
[SourceVersion "1"]
[SourceVersionDate "2009.11.30"]
[SourceQuality "1"]

1. e4 e5 2. Nf3 Nc6 3. Bb5 Nf6 4. Nc3 Bd6 5. d3 O-O 6. Bg5 a6 7. Ba4 b5 8. Bb3
Be7 9. Qd2 d6 10. a4 Rb8 11. axb5 axb5 12. h3 1/2-1/2

[Event "Moscow op-A"]
[Site "Moscow"]
[Date "2009.02.01"]
[Round "2"]
[White "Kharlov, Andrei"]
[Black "Haroutjunian, Dmitri"]
[Result "1/2-1/2"]
[WhiteElo "2511"]
[BlackElo "2288"]
[PlyCount "122"]
[EventDate "2009.01.31"]
[EventType "swiss"]
[EventRounds "9"]
[EventCountry "RUS"]
[SourceTitle "CBM 128 Extra"]
[Source "ChessBase"]
[SourceDate "2009.03.05"]
[SourceVersion "2"]
[SourceVersionDate "2009.03.25"]
[SourceQuality "1"]

1. e4 c5 2. f4 d6 3. Nf3 Nf6 4. Bb5+ Bd7 5. Bxd7+ Qxd7 6. d3 Nc6 7. O-O g6 8.
Nc3 Bg7 9. Qe1 O-O 10. Qh4 Nd4 11. Nxd4 cxd4 12. Ne2 Rac8 13. Nxd4 Nxe4 14. Be3
e5 15. Nb3 Nf6 16. c3 Nd5 17. Bd2 Qa4 18. Qf2 f5 19. Qf3 e4 20. dxe4 fxe4 21.
Qe2 e3 22. Qf3 Nxf4 23. Bxe3 Be5 24. Bxf4 Rxf4 25. Qd5+ Kh8 26. g3 Rxf1+ 27.
Rxf1 Qc6 28. Qxc6 Rxc6 29. Kf2 Rb6 30. Ke3 Kg7 31. Rf2 h5 32. Nc1 Ra6 33. a3
Ra4 34. Nd3 h4 35. Nxe5 dxe5 36. Rd2 hxg3 37. hxg3 Kf6 38. Rd7 b6 39. Rc7 b5
40. Kf3 Kf5 41. Rf7+ Ke6 42. Rb7 a6 43. Rb6+ Kf5 44. Rc6 Kg5 45. Rd6 Kf5 46.
Rd8 Kg5 47. Rf8 Rc4 48. Re8 Kf5 49. Ra8 Ra4 50. Ra7 Kf6 51. Rd7 Ke6 52. Rd8 Kf6
53. Kf2 Ke7 54. Rd1 Ke6 55. Ra1 Rc4 56. Rd1 Ra4 57. Ke3 Rg4 58. Kf3 Ra4 59. Rh1
Kf5 60. Rh8 Ke6 61. Rf8 Ke7 1/2-1/2